000 00827nmc a2200301 a 4500
003 AR-BaBNM
005 20251128211150.0
008 043020s2001 ||||||||||||||000 | spa||
020 _a84-249-2565-3
040 _cAR-BaBNM
100 1 _aTácito, Cayo Cornelio
245 1 0 _aAgrícola
_b; Germania ; Diálogo sobre los oradores
260 _aMadrid
_bGredos
_c2001
300 _a173 p.
490 0 _aBiblioteca básica Gredos
_vv. 91
650 4 _aHISTORIOGRAFIA
650 4 _aHISTORIA ANTIGUA
650 4 _aLITERATURA LATINA
650 4 _aHISTORIADORES
650 4 _aTRADICION ORAL
650 4 _aBIOGRAFIAS
651 4 _aRoma
700 1 _aRequejo, J.M.
_etraductor
740 0 _aGermania
_aGermania
740 0 _aDiálogo sobre los oradores
_aDiálogo sobre los oradores
942 _cBK
998 _cmartin
999 _c18537
_d18537